00602nam a2200121Ia 4500001000600000008004100006100003300047245015500080260003200235300001900267502008100286650011300367Z_258220601s9999 xx 000 0 und d aAguilera Monroy, Jorge Julio aCrecimiento comparativo de vaquillas Holstein en estabulación y en pastoreo de praderas asociadas en Tulancingo, Hgo. / Jorge Julio Aguilera Monroy aChapingo, Méx. : El autor a91 p. gráfs. aTesis (Ing. Agrónomo Esp. en Zootecnia) -- UACH. Departamento de Zootecnia a1. Ganado Holstein 2. Ganado vacuno - Engorda 3. Ganado vacuno - Crecimiento 4. Ganado vacuno - Pastoreo Ì